Statistics for African Countries That Start With M

Click here to take the quiz!

General Stats

  • This quiz has been taken 49 times
  • The average score is 7 of 7

Answer Stats

Country % Correct
Madagascar
98%
Mali
98%
Mauritius
94%
Mozambique
94%
Malawi
91%
Morocco
91%
Mauritania
87%

Score Distribution

Percentile by Number Answered

Percent of People with Each Score

Your Score History

You have not taken this quiz